000
00303nam a2200121Ia 4500
008
190216s9999||||xx |||||||||||||| ||und||
100
_a
Krishnan A P&Amp;Asokan
245
0
_a
Communication Skills
260
_b
Calicut University Central Co-Operative
300
_a
180
650
_a
Commerce
942
_c
BK
999
_c
8277
_d
8277